Evaluation of parameters of elliptic curves over fields of prime power order
Uložené v:
| Hlavný autor: | |
|---|---|
| Ďalší autori: | |
| Médium: | Rukopis Kniha |
| Jazyk: | Slovak English |
| Vydavateľské údaje: |
2016
|
| Predmet: | |
| On-line prístup: | http://is.stuba.sk/zp/portal_zp.pl?podrobnosti=131515 https://opac.crzp.sk/?fn=detailBiblioForm&sid=CAF43C23BCEFEBA4B8CF1DBCB6F5 |
| Tagy: |
Žiadne tagy, Buďte prvý, kto otaguje tento záznam!
|
MARC
| LEADER | 00000ntm a22000003a 4500 | ||
|---|---|---|---|
| 001 | stuzp59354 | ||
| 003 | SK-STU | ||
| 005 | 20231009124917.4 | ||
| 007 | ta | ||
| 008 | 150427s2015----xo-----f-mn---000-0-slo-d | ||
| 040 | |a STU |b slo | ||
| 041 | 0 | |a eng | |
| 100 | 1 | |a Szelleová, Erika |u 010220 |4 aut |U SvF Stavebná fakulta |T SvF Katedra matematiky a deskriptívnej geometrie |X 74831 |U V220 |Y 23 |7 74831 | |
| 242 | 0 | 1 | |a Výpočet parametrov eliptických kriviek nad konečnými poľami neprvočíselných rádov |y slo |
| 245 | 1 | 0 | |a Evaluation of parameters of elliptic curves over fields of prime power order |
| 260 | |c 2016 | ||
| 650 | 4 | |a eliptická krivka |2 slo | |
| 650 | 4 | |a konečné pole |2 slo | |
| 650 | 4 | |a abelovská grupa |2 slo | |
| 650 | 4 | |a elliptic curve |2 eng | |
| 650 | 4 | |a finite field |2 eng | |
| 650 | 4 | |a abelian group |2 eng | |
| 700 | 1 | |a Širáň, Jozef |u 010220 |k Z1 |4 ths |U SvF Stavebná fakulta |T SvF Katedra matematiky a deskriptívnej geometrie |X 640 |U V220 |Y 23 |7 A000000640 | |
| 856 | 4 | |u http://is.stuba.sk/zp/portal_zp.pl?podrobnosti=131515 | |
| 856 | 4 | |u https://opac.crzp.sk/?fn=detailBiblioForm&sid=CAF43C23BCEFEBA4B8CF1DBCB6F5 | |
| SQL | |a stuzp59354 |b DBP |c ENG |d Evaluation of parameters of elliptic curves over fields of prime power order |e 74831 |f Szelleová, Erika |g 010220 |h 640 |i Širáň, Jozef |j 20160623 |k 1269 |l 01 |m http://is.stuba.sk/zp/portal_zp.pl?podrobnosti=131515 |n B-MAPM |o 9.1.9. aplikovaná matematika | ||